Catálogo público

Características generales de ordeño para la elaboración de quesos artesanales mexicanos (Record no. 217720)

MARC details
000 -CABECERA
campo de control de longitud fija 01969ngc a2200409 a 4500
003 - IDENTIFICADOR DEL NÚMERO DE CONTROL
campo de control CHAP
005 - FECHA Y HORA DE LA ÚLTIMA TRANSACCIÓN
campo de control 20260306062805.0
007 - CAMPO FIJO DE DESCRIPCIÓN FÍSICA--INFORMACIÓN GENERAL
campo de control de longitud fija vz czazzs
008 - DATOS DE LONGITUD FIJA--INFORMACIÓN GENERAL
campo de control de longitud fija 221013s2013 mx 053|f |||| s0| vlspa d
040 ## - FUENTE DE LA CATALOGACIÓN
Centro catalogador/agencia de origen mxchpua
Centro/agencia transcriptor CHAP
090 ## - LOCALMENTE ASIGNADO TIPO-LC NÚMERO DE CLASIFICACIÓN (OCLC); NÚMERO DE CLASIFICACIÓN LOCAL (RLIN)
Número de clasificación (OCLC) (R) ; Numero de clasificación, CALL (RLIN) (NR) Vídeo
100 1# - ENTRADA PRINCIPAL--NOMBRE DE PERSONA
9 (RLIN) 147701
Nombre de persona Santos Moreno, Armando
Fechas asociadas al nombre 1949
245 10 - MENCIÓN DE TÍTULO
Título Características generales de ordeño para la elaboración de quesos artesanales mexicanos
Medio [Videograbación] /
Mención de responsabilidad, etc. director Armando Santos Moreno
250 ## - MENCIÓN DE EDICIÓN
Mención de edición 1a edición
260 ## - PUBLICACIÓN, DISTRIBUCIÓN, ETC.
Lugar de publicación, distribución, etc. Chapingo, México :
Nombre del editor, distribuidor, etc. El autor,
Fecha de publicación, distribución, etc. 2013
306 ## - TIEMPO DE REPRODUCCIÓN/DURACIÓN
Tiempo de reproducción/duración 000535
490 1# - MENCIÓN DE SERIE
Mención de serie Vídeos sobre la industria lechera ;
Designación de volumen o secuencia 4
500 ## - NOTA GENERAL
Nota general Duración: 5:35 minutos
505 00 - NOTA DE CONTENIDO CON FORMATO
Título Introducción
Información miscelánea (00:07) --
Título Entrada de las vacas a ordeño
Información miscelánea (00:57) --
Título Inmovilización
Información miscelánea (01:22) --
Título Limpieza de los pezones
Información miscelánea (01:57) --
Título Estimulación
Información miscelánea (02:17) --
Título Despunte de los pezones
Información miscelánea (02:36) --
Título Extracción de la leche
Información miscelánea (02:53) --
Título Sellado de los pezones
Información miscelánea (03:25) --
Título Almacenamiento de la leche
Información miscelánea (03:40) --
Título Salida de las vacas
Información miscelánea (04:11) --
Título Créditos
Información miscelánea (04:35)
511 0# - NOTA DE PARTICIPANTES O INTÉRPRETES
Nota de participantes o intérpretes Narrador: Armando Santos Moreno
511 0# - NOTA DE PARTICIPANTES O INTÉRPRETES
Nota de participantes o intérpretes Música de fondo: "Subiendo" autor e interprete Herb Albert
521 4# - NOTA DE PÚBLICO DESTINATARIO
Nota de público destinatario Obra recomendada para estudiantes del Departamento de Ingeniería Agroindustrial
538 ## - NOTA DE DETALLES DEL SISTEMA
Nota de detalles del sistema Modo de acceso: Internet
546 ## - NOTA DE LENGUA/LENGUAJE
Nota de lengua/lenguaje Audio: En español
650 13 - PUNTO DE ACCESO ADICIONAL DE MATERIA--TÉRMINO DE MATERIA
9 (RLIN) 140523
Término de materia o nombre geográfico como elemento de entrada Ciencia lechera
Subdivisión geográfica México
650 13 - PUNTO DE ACCESO ADICIONAL DE MATERIA--TÉRMINO DE MATERIA
9 (RLIN) 185599
Término de materia o nombre geográfico como elemento de entrada Ordeñar
650 13 - PUNTO DE ACCESO ADICIONAL DE MATERIA--TÉRMINO DE MATERIA
9 (RLIN) 185601
Término de materia o nombre geográfico como elemento de entrada Frecuencia de ordeña
650 13 - PUNTO DE ACCESO ADICIONAL DE MATERIA--TÉRMINO DE MATERIA
9 (RLIN) 162947
Término de materia o nombre geográfico como elemento de entrada Dairy science
Subdivisión general Mexico
650 13 - PUNTO DE ACCESO ADICIONAL DE MATERIA--TÉRMINO DE MATERIA
9 (RLIN) 185600
Término de materia o nombre geográfico como elemento de entrada Milking
650 10 - PUNTO DE ACCESO ADICIONAL DE MATERIA--TÉRMINO DE MATERIA
9 (RLIN) 185602
Término de materia o nombre geográfico como elemento de entrada Milking frequency
700 1# - PUNTO DE ACCESO ADICIONAL--NOMBRE DE PERSONA
Nombre de persona Sánchez Cervantes, Anahí
Término indicativo de función/relación camarógrafo
9 (RLIN) 126697
700 1# - PUNTO DE ACCESO ADICIONAL--NOMBRE DE PERSONA
9 (RLIN) 126532
Nombre de persona Salas Sánchez, Sofía Irene
Término indicativo de función/relación camarógrafo
700 1# - PUNTO DE ACCESO ADICIONAL--NOMBRE DE PERSONA
9 (RLIN) 148849
Nombre de persona Hernández Montes, Arturo
Término indicativo de función/relación camarógrafo
710 2# - PUNTO DE ACCESO ADICIONAL--NOMBRE DE ENTIDAD CORPORATIVA
Nombre de entidad corporativa o nombre de jurisdicción como elemento de entrada Universidad Autónoma Chapingo
Unidad subordinada Producción. DIA. Instituto de alimentos
9 (RLIN) 143749
856 42 - LOCALIZACIÓN Y ACCESO ELECTRÓNICOS
Texto de enlace VER VÍDEO
Identificador Uniforme del Recurso <a href=" http://10.13.5.2/video/Ordena_General.m4v"> http://10.13.5.2/video/Ordena_General.m4v</a>
942 ## - ELEMENTOS DE PUNTO DE ACCESO ADICIONAL (KOHA)
Fuente del sistema de clasificación o colocación Clasificación Universidad Autónoma de Chapingo
Tipo de ítem Koha Vídeo
Holdings
Estado de retiro Estado de pérdida Fuente del sistema de clasificación o colocación Estado dañado No para préstamo Código de colección Localización permanente Ubicación/localización actual Ubicación en estantería Fecha de adquisición Fuente de adquisición Total de préstamos Código de barras Fecha visto por última vez Precio válido a partir de Tipo de ítem Koha
    Clasificación Universidad Autónoma de Chapingo     Videos Ingenieria Agroindustrial Ingenieria Agroindustrial En línea 07/11/2022 El autor   1210014910 07/11/2022 07/11/2022 Vídeo